| 000 | 00403nam a22001577a 4500 | ||
|---|---|---|---|
| 003 | LK-CoDNM | ||
| 005 | 20240816101401.0 | ||
| 008 | 240816b |||||||| |||| 00| 0 eng d | ||
| 040 |
_aLK-CoDNM _dLK-CoDNM _eLK-CoDNM |
||
| 080 |
_a9 _bR11 |
||
| 100 | _aLANGDON S. | ||
| 245 | _aTAMMUZ AND ISHTAR | ||
| 260 |
_aOXFORD _bAT THE CLARENDON PRESS _c1914 |
||
| 300 | _aVII, 196P. : ILL ; 24 CM | ||
| 942 | _cBK | ||
| 999 |
_c148125 _d148125 |
||